| 000 | 00748nam a22002057a 4500 | ||
|---|---|---|---|
| 001 | 3857 | ||
| 003 | FISKH | ||
| 005 | 20240517154505.0 | ||
| 008 | 240517b cb ||||| |||| 00| 0 eng d | ||
| 020 | _a9788184080681 | ||
| 040 |
_aFISKH _beng _cFISKH _dFISKH |
||
| 082 | _a823.01 | ||
| 100 | _aHammrton, J A | ||
| 245 |
_a23 English Masters _bfrom Sir Thomas Elyot to Charles Dickens |
||
| 260 |
_aNew Delhi _bIndiana publishing house, _c2011 |
||
| 300 | _a884 pages : | ||
| 520 | _aA collection of classic short stories beginning in the 15th century and progressing up to the 19th century. There is also a history of English short story writing that is discussed in the beginning pages of the book. | ||
| 650 | _aShort Stories | ||
| 942 |
_2ddc _cBK _n0 |
||
| 999 |
_c3857 _d3857 |
||